Elektrochemie a životní prostředí

Salvato in:
Dettagli Bibliografici
Natura: Libro
Lingua:ceco
Pubblicazione: Praha Academia 1982
Serie:Pokroky chemie 2
Tags: Aggiungi Tag
Nessun Tag, puoi essere il primo ad aggiungerne!!

MARC

LEADER 00000nam a2200000 4500
001 c131411
005 20060216134102.7
041 0 |a cze 
044 |a CZ 
245 1 0 |a Elektrochemie a životní prostředí 
264 1 |a Praha  |b Academia  |c 1982 
300 |a 111 s. 
490 1 |a Pokroky chemie  |v 2 
830 0 |a Pokroky chemie  |v 2